[Event "PRVA LIGA CS 2020"]
[Site "Bajina basta"]
[Date "2020.10.10"]
[Round "1.4"]
[White "Budisavljevic, Luka"]
[Black "Dudin, Gleb"]
[Result "0-1"]
[WhiteElo "2454"]
[BlackElo "2386"]
[PlyCount "66"]
[EventDate "2020.10.10"]
[WhiteTeam "RUDAR - Kostolac"]
[BlackTeam "OSK PARACIN - Paracin"]

1. e4 e5 2. Nf3 Nc6 3. d4 exd4 4. Nxd4 Bc5 5. Nb3 Bb6 6. Nc3 Nge7 7. Qe2 O-O 8.
Be3 d6 9. O-O-O f5 10. f4 fxe4 11. g3 Qe8 12. Bxb6 axb6 13. Qxe4 Bf5 14. Qc4+
d5 15. Nxd5 Nxd5 16. Bg2 Kh8 17. Bxd5 Rxa2 18. Rhe1 Qa8 19. Bxc6 bxc6 20. Qd4
c5 21. Qd5 c6 22. Qe5 c4 23. Nd4 Rd8 24. c3 Bg4 25. f5 c5 26. f6 Ra1+ 27. Kd2
Rxd1+ 28. Rxd1 cxd4 29. fxg7+ Kg8 30. cxd4 Re8 31. Qb5 Re2+ 32. Kc3 Qf3+ 33.
Kxc4 Rc2+ 0-1

[Event "PRVA LIGA CS 2020"]
[Site "Bajina basta"]
[Date "2020.10.10"]
[Round "1.4"]
[White "Djordjevic, Vuk"]
[Black "Maksimovic, Bojan"]
[Result "0-1"]
[WhiteElo "2347"]
[BlackElo "2398"]
[PlyCount "84"]
[EventDate "2020.10.10"]
[WhiteTeam "OSK PARACIN - Paracin"]
[BlackTeam "RUDAR - Kostolac"]

1. d4 Nf6 2. Bg5 d5 3. e3 g6 4. Nf3 Bg7 5. c4 O-O 6. Nc3 c5 7. Bxf6 Bxf6 8.
Nxd5 Bg7 9. Qd2 cxd4 10. Nxd4 Nc6 11. Rd1 Nxd4 12. exd4 b5 13. Ne3 bxc4 14.
Bxc4 Qb6 15. b3 Rd8 16. d5 Bb7 17. O-O Rd6 18. Qe2 Rad8 19. Rd3 Qa5 20. Rfd1
Bc8 21. a4 Qc5 22. Nf1 Bf5 23. Re3 e5 24. Ng3 Qc8 25. h3 h5 26. Rf3 h4 27. Nxf5
gxf5 28. Rc3 e4 29. Rc2 Qd7 30. Qh5 Rh6 31. Qg5 Rg6 32. Qxh4 Qd6 33. Bb5 Bf6
34. Qh5 Qe5 35. d6 Kg7 36. f4 Qxf4 37. Rf2 Qg3 38. Qxf5 e3 39. Rc2 Be5 40. Qe4
Qh2+ 41. Kf1 Qh1+ 42. Ke2 Rxg2+ 0-1

[Event "PRVA LIGA CS 2020"]
[Site "Bajina basta"]
[Date "2020.10.10"]
[Round "1.4"]
[White "Jovanovic, Dusan D"]
[Black "Brankovic, Dejan"]
[Result "0-1"]
[WhiteElo "2412"]
[BlackElo "2300"]
[PlyCount "64"]
[EventDate "2020.10.10"]
[WhiteTeam "RUDAR - Kostolac"]
[BlackTeam "OSK PARACIN - Paracin"]

1. Nf3 g6 2. c4 c5 3. g3 Bg7 4. Bg2 Nc6 5. Nc3 e5 6. h4 d6 7. d3 h6 8. Bd2 Nge7
9. Qc1 Be6 10. O-O Qd7 11. Rb1 Bh3 12. Bxh3 Qxh3 13. b4 b6 14. Nd5 Nxd5 15.
cxd5 Nd4 16. Nxd4 exd4 17. e3 g5 18. Re1 O-O 19. hxg5 hxg5 20. Qd1 g4 21. bxc5
Rae8 22. Qe2 dxe3 23. Bxe3 dxc5 24. d6 Re6 25. d7 Rd8 26. Bg5 Rxd7 27. Qc2 Bd4
28. Bh4 Rh6 29. Re8+ Kh7 30. Qe2 Rxh4 31. Qe4+ Kg7 32. gxh4 g3 0-1

[Event "PRVA LIGA CS 2020"]
[Site "Bajina basta"]
[Date "2020.10.10"]
[Round "1.4"]
[White "Topalov, Aleksandar"]
[Black "Ivanovic, Marko"]
[Result "1-0"]
[WhiteElo "2228"]
[BlackElo "2277"]
[PlyCount "57"]
[EventDate "2020.10.10"]
[WhiteTeam "OSK PARACIN - Paracin"]
[BlackTeam "RUDAR - Kostolac"]

1. b3 e5 2. Bb2 Nc6 3. c4 Nf6 4. e3 d5 5. cxd5 Nxd5 6. a3 Be6 7. Qc2 f5 8. Nf3
Bd6 9. Nc3 e4 10. Nxd5 exf3 11. Nc3 fxg2 12. Bxg2 Qg5 13. Rg1 O-O-O 14. O-O-O
Bxh2 15. Bd5 Bxg1 16. Bxe6+ Kb8 17. f4 Qe7 18. Qxf5 Rhe8 19. Bd5 g6 20. Qh3 Bf2
21. Rh1 Qd6 22. Rd1 Ne7 23. Be4 g5 24. fxg5 Bg3 25. Bxh7 Rh8 26. Kb1 Qb6 27.
Ka2 Be5 28. Qh5 Bg7 29. Na4 1-0

[Event "PRVA LIGA CS 2020"]
[Site "Bajina basta"]
[Date "2020.10.10"]
[Round "1.4"]
[White "Pavlovic, Goran"]
[Black "Dimitrijevic, Nenad"]
[Result "1-0"]
[WhiteElo "2345"]
[BlackElo "2142"]
[PlyCount "97"]
[EventDate "2020.10.10"]
[WhiteTeam "RUDAR - Kostolac"]
[BlackTeam "OSK PARACIN - Paracin"]

1. d4 d5 2. Nf3 c6 3. c4 Nf6 4. Qb3 e6 5. g3 Bd6 6. Bg2 O-O 7. O-O Nbd7 8. Nc3
dxc4 9. Qxc4 e5 10. Rd1 Qe7 11. Bg5 exd4 12. Nxd4 Nb6 13. Qd3 Be5 14. f4 Bxd4+
15. Qxd4 h6 16. Bxf6 gxf6 17. Qd6 Qxd6 18. Rxd6 Be6 19. Ne4 Rfd8 20. Nxf6+ Kg7
21. Ne4 Nc4 22. Rxd8 Rxd8 23. b3 Ne3 24. Bf3 Nc2 25. Rc1 Nd4 26. Kf2 Nxf3 27.
exf3 f5 28. Nc5 Bc8 29. Ke3 Re8+ 30. Kd2 b6 31. Nd3 c5 32. b4 Rd8 33. bxc5 Ba6
34. Rc3 bxc5 35. Ke3 Bb5 36. Nxc5 Re8+ 37. Kd4 Re2 38. a4 Bc6 39. h3 Kf6 40. g4
Ra2 41. g5+ Kg6 42. Ke5 hxg5 43. fxg5 Bxa4 44. h4 Bd1 45. Rd3 Be2 46. Rd6+ Kh7
47. Kf6 f4 48. Rd7+ Kh8 49. Rd8+ 1-0

[Event "PRVA LIGA CS 2020"]
[Site "Bajina basta"]
[Date "2020.10.10"]
[Round "1.4"]
[White "Vujcic, Milena"]
[Black "Djordjevic, Nebojsa"]
[Result "0-1"]
[WhiteElo "2059"]
[BlackElo "2255"]
[PlyCount "72"]
[EventDate "2020.10.10"]
[WhiteTeam "OSK PARACIN - Paracin"]
[BlackTeam "RUDAR - Kostolac"]

1. e4 d6 2. d4 Nf6 3. Nc3 c6 4. a4 g6 5. Nf3 Bg7 6. h3 O-O 7. Be3 Qc7 8. Be2
Nbd7 9. O-O e5 10. dxe5 Nxe5 11. Nd4 Re8 12. b4 Ned7 13. Qd3 a5 14. f3 axb4 15.
Nd1 d5 16. Qb3 Qa5 17. exd5 Nxd5 18. Bc4 Nc5 19. Qa2 Rxe3 20. Nxe3 Bxd4 21.
Bxd5 Bxe3+ 22. Kh1 cxd5 23. Qxd5 Be6 24. Qd1 Qc7 25. Qe1 Bd4 26. Rd1 Bc3 27.
Qe3 Nxa4 28. f4 Bf5 29. Rf2 Nc5 30. g4 Be4+ 31. Kh2 b6 32. h4 Rd8 33. Rxd8+
Qxd8 34. Qg3 Qd1 35. Qg1 Qxg1+ 36. Kxg1 Bd4 0-1

[Event "I Liga Centralne Srbije"]
[Site "Bajina Bašta, Serbia"]
[Date "2020.10.10"]
[Round "1.5"]
[White "Kojovic, Dragan"]
[Black "Celik, Hasan Huseyin"]
[Result "1-0"]
[WhiteElo "2307"]
[BlackElo "1970"]
[Annotator "Knez"]
[PlyCount "85"]
[EventDate "2020.??.??"]
[TimeControl "90"]
[WhiteClock "0:02:05"]
[BlackClock "0:14:56"]

1. d4 {[%emt 0:00:00]} d5 {[%emt 0:00:00]} 2. c4 {[%emt 0:00:00]} c6 {[%emt 0:
00:00]} 3. cxd5 {[%emt 0:00:00]} cxd5 {[%emt 0:00:00]} 4. Nc3 {[%emt 0:00:00]}
Nc6 {[%emt 0:00:00]} 5. Bf4 {[%emt 0:00:00]} Nf6 {[%emt 0:00:00]} 6. e3 {
[%emt 0:00:00]} Bf5 {[%emt 0:00:00]} 7. Qb3 {[%emt 0:00:00]} Na5 {[%emt 0:00:
00]} 8. Bb5+ {[%emt 0:00:00]} Bd7 {[%emt 0:00:00]} 9. Qa4 {[%emt 0:00:00]} Nc6
{[%emt 0:00:00]} 10. Nf3 {[%emt 0:00:00]} a6 {[%emt 0:00:00]} 11. Bxc6 {
[%emt 0:00:00]} Bxc6 {[%emt 0:00:00]} 12. Qb3 {[%emt 0:00:00]} e6 {[%emt 0:00:
00]} 13. O-O {[%emt 0:00:00]} Nd7 {[%emt 0:00:00]} 14. Ne5 {[%emt 0:00:00]}
Nxe5 {[%emt 0:00:00]} 15. Bxe5 {[%emt 0:00:00]} Bd6 {[%emt 0:00:00]} 16. Bxd6 {
[%emt 0:00:00]} Qxd6 {[%emt 0:00:00]} 17. f4 {[%emt 0:00:00]} f5 {[%emt 0:00:
00]} 18. a3 {[%emt 0:00:00]} O-O {[%emt 0:00:00]} 19. Rf2 {[%emt 0:00:00]} Rf7
{[%emt 0:00:00]} 20. Rc1 {[%emt 0:00:00]} Be8 {[%emt 0:00:00]} 21. Nb1 {
[%emt 0:00:00]} Rc7 {[%emt 0:00:00]} 22. Rxc7 {[%emt 0:00:00]} Qxc7 {[%emt 0:
00:00]} 23. Rc2 {[%emt 0:00:00]} Bc6 {[%emt 0:00:00]} 24. Qb4 {[%emt 0:00:00]}
Rc8 {[%emt 0:00:00]} 25. Nd2 {[%emt 0:00:00]} Qd8 {[%emt 0:00:00]} 26. Nf3 {
[%emt 0:00:00]} Bb5 {[%emt 0:00:00]} 27. Rxc8 {[%emt 0:00:00]} Qxc8 {[%emt 0:
00:00]} 28. Qc5 {[%emt 0:00:00]} Qd8 {[%emt 0:00:00]} 29. b3 {[%emt 0:00:00]}
h6 {[%emt 0:00:00]} 30. Qc2 {[%emt 0:00:00]} Kh7 {[%emt 0:00:00]} 31. a4 {
[%emt 0:00:00]} Be8 {[%emt 0:00:00]} 32. h3 {[%emt 0:00:00]} b5 {[%emt 0:00:00]
} 33. axb5 {[%emt 0:00:00]} Bxb5 {[%emt 0:00:00]} 34. g4 {[%emt 0:00:00]} Qf6 {
[%emt 0:00:00]} 35. h4 {[%emt 0:00:00]} Kg8 {[%emt 0:00:00]} 36. Qc8+ {[%emt 0:
00:00]} Kh7 {[%emt 0:00:00]} 37. g5 {[%emt 0:00:00]} Qe7 {[%emt 0:00:00]} 38.
h5 {[%emt 0:00:00]} Be8 {[%emt 0:00:00]} 39. g6+ {[%emt 0:00:00]} Kg8 {[%emt 0:
00:00]} 40. Qxa6 {[%emt 0:00:00]} Kf8 {[%emt 0:00:00]} 41. Qb6 {[%emt 0:00:00]}
Qf6 {[%emt 0:00:00]} 42. Qd6+ {[%emt 0:00:00]} Kg8 {[%emt 0:00:00]} 43. Kf2 {
[%emt 0:00:00]} 1-0

[Event "I Liga Centralne Srbije"]
[Site "Bajina Bašta, Serbia"]
[Date "2020.10.10"]
[Round "1.5"]
[White "Irizanin, Radoje"]
[Black "Ostojic, Nikola"]
[Result "1/2-1/2"]
[WhiteElo "2331"]
[BlackElo "2406"]
[Annotator "Knez"]
[PlyCount "55"]
[EventDate "2020.??.??"]
[TimeControl "90"]
[WhiteClock "0:29:51"]
[BlackClock "0:50:11"]

1. c4 {[%emt 0:00:00]} g6 {[%emt 0:00:00]} 2. g3 {[%emt 0:00:00]} Bg7 {[%emt 0:
00:00]} 3. Bg2 {[%emt 0:00:00]} d6 {[%emt 0:00:00]} 4. Nc3 {[%emt 0:00:00]} Nf6
{[%emt 0:00:00]} 5. e4 {[%emt 0:00:00]} c5 {[%emt 0:00:00]} 6. Nge2 {[%emt 0:
00:00]} Nc6 {[%emt 0:00:00]} 7. O-O {[%emt 0:00:00]} O-O {[%emt 0:00:00]} 8. d3
{[%emt 0:00:00]} Rb8 {[%emt 0:00:00]} 9. h3 {[%emt 0:00:00]} Ne8 {[%emt 0:00:
00]} 10. Be3 {[%emt 0:00:00]} Nc7 {[%emt 0:00:00]} 11. d4 {[%emt 0:00:00]} cxd4
{[%emt 0:00:00]} 12. Nxd4 {[%emt 0:00:00]} a6 {[%emt 0:00:00]} 13. a4 {[%emt 0:
00:00]} Ne6 {[%emt 0:00:00]} 14. Nde2 {[%emt 0:00:00]} Nc5 {[%emt 0:00:00]} 15.
Rb1 {[%emt 0:00:00]} f5 {[%emt 0:00:00]} 16. Kh2 Kh8 {[%emt 0:00:00]} 17. b3 e5
{[%emt 0:00:00]} 18. Qd2 f4 {[%emt 0:00:00]} 19. Bxc5 dxc5 {[%emt 0:00:00]} 20.
Qxd8 Rxd8 {[%emt 0:00:00]} 21. Nd5 fxg3+ {[%emt 0:00:00]} 22. fxg3 Be6 {
[%emt 0:00:00]} 23. h4 Bg8 {[%emt 0:00:00]} 24. Nec3 Bh6 {[%emt 0:00:00]} 25.
Nf6 Rd2 {[%emt 0:00:00]} 26. Nxg8 Kxg8 {[%emt 0:00:00]} 27. Nd5 Rf8 {[%emt 0:
00:00]} 28. Kh1 1/2-1/2

[Event "I Liga Centralne Srbije"]
[Site "Bajina Bašta, Serbia"]
[Date "2020.10.10"]
[Round "1.5"]
[White "Solomunovic, Igor"]
[Black "Marinkovic, Ivan"]
[Result "1/2-1/2"]
[WhiteElo "2355"]
[BlackElo "2451"]
[Annotator "Knez"]
[PlyCount "21"]
[EventDate "2020.??.??"]
[TimeControl "90"]
[WhiteClock "1:30:42"]
[BlackClock "1:30:53"]

1. e4 {[%emt 0:00:00]} Nf6 {[%emt 0:00:00]} 2. e5 {[%emt 0:00:00]} Nd5 {
[%emt 0:00:00]} 3. d4 {[%emt 0:00:00]} d6 {[%emt 0:00:00]} 4. Nf3 {[%emt 0:00:
00]} dxe5 {[%emt 0:00:00]} 5. Nxe5 {[%emt 0:00:00]} g6 {[%emt 0:00:00]} 6. Bc4
{[%emt 0:00:00]} c6 {[%emt 0:00:00]} 7. O-O {[%emt 0:00:00]} Bg7 {[%emt 0:00:
00]} 8. Nd2 {[%emt 0:00:00]} Nd7 {[%emt 0:00:00]} 9. Nxd7 {[%emt 0:00:00]} Bxd7
{[%emt 0:00:00]} 10. Nf3 {[%emt 0:00:00]} Bg4 {[%emt 0:00:00]} 11. c3 {[%emt 0:
00:00]} 1/2-1/2

[Event "I Liga Centralne Srbije"]
[Site "Bajina Bašta, Serbia"]
[Date "2020.10.10"]
[Round "1.5"]
[White "Novoselski, Zoran"]
[Black "Rabrenovic, Vladan"]
[Result "1/2-1/2"]
[WhiteElo "2318"]
[BlackElo "2302"]
[Annotator "Knez"]
[PlyCount "120"]
[EventDate "2020.??.??"]
[TimeControl "90"]
[WhiteClock "0:03:00"]
[BlackClock "0:02:34"]

1. e4 {[%emt 0:00:00]} c5 {[%emt 0:00:00]} 2. Nc3 {[%emt 0:00:00]} e6 {[%emt 0:
00:00]} 3. Nf3 {[%emt 0:00:00]} a6 {[%emt 0:00:00]} 4. g3 {[%emt 0:00:00]} b5 {
[%emt 0:00:00]} 5. Bg2 {[%emt 0:00:00]} Bb7 {[%emt 0:00:00]} 6. d4 {[%emt 0:00:
00]} cxd4 {[%emt 0:00:00]} 7. Nxd4 {[%emt 0:00:00]} b4 {[%emt 0:00:00]} 8. Na4
{[%emt 0:00:00]} Nf6 {[%emt 0:00:00]} 9. Qe2 {[%emt 0:00:00]} Qa5 {[%emt 0:00:
00]} 10. b3 {[%emt 0:00:00]} Nc6 {[%emt 0:00:00]} 11. Bb2 {[%emt 0:00:00]} Nxd4
{[%emt 0:00:00]} 12. Bxd4 {[%emt 0:00:00]} e5 {[%emt 0:00:00]} 13. Be3 {
[%emt 0:00:00]} Be7 {[%emt 0:00:00]} 14. Rd1 {[%emt 0:00:00]} Qc7 {[%emt 0:00:
00]} 15. Nb6 {[%emt 0:00:00]} Rb8 {[%emt 0:00:00]} 16. Nd5 {[%emt 0:00:00]}
Nxd5 {[%emt 0:00:00]} 17. exd5 {[%emt 0:00:00]} d6 {[%emt 0:00:00]} 18. Be4 {
[%emt 0:00:00]} O-O {[%emt 0:00:00]} 19. g4 {[%emt 0:00:00]} Bc8 {[%emt 0:00:
00]} 20. Rg1 {[%emt 0:00:00]} Bh4 {[%emt 0:00:00]} 21. Rd3 {[%emt 0:00:00]} Qe7
{[%emt 0:00:00]} 22. Bd2 {[%emt 0:00:00]} Bg5 {[%emt 0:00:00]} 23. h4 {[%emt 0:
00:00]} Bxd2+ {[%emt 0:00:00]} 24. Qxd2 {[%emt 0:00:00]} f5 {[%emt 0:00:00]}
25. gxf5 {[%emt 0:00:00]} Bxf5 {[%emt 0:00:00]} 26. Bxf5 {[%emt 0:00:00]} Rxf5
{[%emt 0:00:00]} 27. Rg4 {[%emt 0:00:00]} Rf4 {[%emt 0:00:00]} 28. Rdg3 {
[%emt 0:00:00]} Rbf8 {[%emt 0:00:00]} 29. Qe2 {[%emt 0:00:00]} a5 {[%emt 0:00:
00]} 30. h5 {[%emt 0:00:00]} R8f7 {[%emt 0:00:00]} 31. h6 {[%emt 0:00:00]} g6 {
[%emt 0:00:00]} 32. Rxf4 {[%emt 0:00:00]} exf4 {[%emt 0:00:00]} 33. Rh3 {
[%emt 0:00:00]} Qxe2+ {[%emt 0:00:00]} 34. Kxe2 {[%emt 0:00:00]} Rc7 {[%emt 0:
00:00]} 35. Kd2 {[%emt 0:00:00]} Rc5 {[%emt 0:00:00]} 36. c4 {[%emt 0:00:00]}
bxc3+ {[%emt 0:00:02]} 37. Rxc3 {[%emt 0:00:00]} Rxd5+ {[%emt 0:00:00]} 38. Rd3
{[%emt 0:00:00]} Rb5 {[%emt 0:00:19]} 39. Rxd6 {[%emt 0:00:00]} g5 {[%emt 0:00:
00]} 40. Rd7 {[%emt 0:00:00]} a4 {[%emt 0:00:07]} 41. Kc3 {[%emt 0:00:00]} axb3
{[%emt 0:00:00]} 42. axb3 {[%emt 0:00:00]} Rb6 {[%emt 0:00:00]} 43. Rg7+ {
[%emt 0:00:00]} Kh8 {[%emt 0:00:00]} 44. Rxg5 {[%emt 0:00:00]} Rxh6 {[%emt 0:
00:00]} 45. b4 {[%emt 0:00:00]} Rh3+ {[%emt 0:00:24]} 46. Kd4 {[%emt 0:00:00]}
Rf3 {[%emt 0:00:00]} 47. Rg2 {[%emt 0:00:00]} h5 {[%emt 0:00:00]} 48. b5 {
[%emt 0:00:00]} Kh7 {[%emt 0:00:00]} 49. Kc4 {[%emt 0:00:00]} Ra3 {[%emt 0:00:
00]} 50. b6 {[%emt 0:00:00]} Ra2 {[%emt 0:00:00]} 51. Rg5 {[%emt 0:00:00]} Kh6
{[%emt 0:00:00]} 52. Rb5 {[%emt 0:00:00]} Ra8 {[%emt 0:00:00]} 53. b7 {[%emt 0:
00:00]} Rb8 {[%emt 0:00:00]} 54. Kd4 {[%emt 0:00:00]} h4 {[%emt 0:00:00]} 55.
Ke4 {[%emt 0:00:00]} h3 {[%emt 0:00:00]} 56. Kf3 {[%emt 0:00:00]} Kg6 {[%emt 0:
00:00]} 57. Kg4 {[%emt 0:00:00]} h2 {[%emt 0:00:00]} 58. Rg5+ {[%emt 0:00:00]}
Kf6 {[%emt 0:00:00]} 59. Rh5 {[%emt 0:00:00]} Rxb7 {[%emt 0:00:00]} 60. Kxf4 {
[%emt 0:00:00]} Rb4+ {[%emt 0:00:00]} 1/2-1/2

[Event "PRVA LIGA CS 2020"]
[Site "Bajina basta"]
[Date "2020.10.10"]
[Round "1.5"]
[White "Colovic, Dusan"]
[Black "Gavrilovic, Leonardo"]
[Result "1/2-1/2"]
[WhiteElo "2255"]
[BlackElo "2246"]
[PlyCount "67"]
[EventDate "2020.10.10"]
[WhiteTeam "METALAC - G.Milanovac"]
[BlackTeam "BORAC - Cacak"]

1. Nf3 Nf6 2. g3 d5 3. Bg2 e6 4. O-O Be7 5. c4 O-O 6. b3 b6 7. Bb2 Bb7 8. e3 c5
9. Ne5 Qc8 10. f4 dxc4 11. bxc4 Bxg2 12. Kxg2 Nc6 13. Qf3 Na5 14. Nc3 Rd8 15.
d3 Bf8 16. Rad1 Qb7 17. e4 a6 18. g4 Nd7 19. Ne2 b5 20. cxb5 axb5 21. Nxd7 Rxd7
22. f5 Nc6 23. a3 e5 24. g5 Rad8 25. Ng3 c4 26. dxc4 bxc4 27. Bc1 Rd3 28. Rxd3
Rxd3 29. Qh5 g6 30. fxg6 hxg6 31. Qg4 Bxa3 32. Bxa3 Rxa3 33. h4 Ra2+ 34. Kh3
1/2-1/2

[Event "I Liga Centralne Srbije"]
[Site "Bajina Bašta, Serbia"]
[Date "2020.10.10"]
[Round "1.5"]
[White "Roljevic, Djordje"]
[Black "Mijatovic, Dusan"]
[Result "0-1"]
[WhiteElo "2177"]
[BlackElo "2177"]
[Annotator "Knez"]
[PlyCount "26"]
[EventDate "2020.??.??"]
[TimeControl "90"]
[WhiteClock "0:58:57"]
[BlackClock "0:51:54"]

1. d4 {[%emt 0:00:00]} Nf6 {[%emt 0:00:00]} 2. Bg5 {[%emt 0:00:00]} d5 {
[%emt 0:00:00]} 3. e3 {[%emt 0:00:00]} Nbd7 {[%emt 0:00:00]} 4. c4 {[%emt 0:00:
00]} Ne4 {[%emt 0:00:00]} 5. Bf4 {[%emt 0:00:00]} e5 {[%emt 0:00:00]} 6. dxe5 {
[%emt 0:00:00]} Bb4+ {[%emt 0:00:00]} 7. Ke2 {[%emt 0:00:00]} Qh4 {[%emt 0:00:
00]} 8. g3 {[%emt 0:00:00]} Qh5+ {[%emt 0:00:00]} 9. f3 {[%emt 0:00:00]} g5 {
[%emt 0:00:00]} 10. Qxd5 {[%emt 0:00:00]} Ndc5 {[%emt 0:00:00]} 11. g4 {
[%emt 0:00:00]} Qh4 {[%emt 0:00:00]} 12. fxe4 {[%emt 0:00:00]} Bxg4+ {[%emt 0:
00:00]} 13. Nf3 {[%emt 0:00:00]} Qe1# {[%emt 0:01:00]} 0-1

[Event "PRVA LIGA CS 2020"]
[Site "Bajina basta"]
[Date "2020.10.10"]
[Round "1.6"]
[White "Brenjo, Slavisa"]
[Black "Narancic, Vlado"]
[Result "1/2-1/2"]
[WhiteElo "2412"]
[BlackElo "2281"]
[PlyCount "46"]
[EventDate "2020.10.10"]
[WhiteTeam "SLOGA - Kraljevo"]
[BlackTeam "VSK SVETI NIKOLAJ SRPSKI - Valjevo"]

1. e4 c5 2. Nf3 d6 3. d4 cxd4 4. Nxd4 Nf6 5. Nc3 a6 6. Bg5 e6 7. f4 Be7 8. Qf3
Qc7 9. O-O-O Nbd7 10. Bd3 h6 11. Bh4 g5 12. fxg5 Ne5 13. Qe2 Nfg4 14. Nf3 Nxf3
15. Qxf3 Ne5 16. Qe2 hxg5 17. Bg3 Bd7 18. Rhf1 Rh7 19. Qf2 b5 20. Ne2 b4 21.
Kb1 a5 22. Nd4 Qc5 23. Be2 Rc8 1/2-1/2

[Event "PRVA LIGA CS 2020"]
[Site "Bajina basta"]
[Date "2020.10.10"]
[Round "1.6"]
[White "Djoric, Dusan"]
[Black "Dizdarevic, Emir"]
[Result "1/2-1/2"]
[WhiteElo "2303"]
[BlackElo "2444"]
[PlyCount "84"]
[EventDate "2020.10.10"]
[WhiteTeam "VSK SVETI NIKOLAJ SRPSKI - Valjevo"]
[BlackTeam "SLOGA - Kraljevo"]

1. d4 e6 2. Nf3 Nf6 3. c4 Bb4+ 4. Nbd2 O-O 5. e3 Be7 6. Bd3 c5 7. dxc5 Na6 8.
Nb3 Nxc5 9. Nxc5 Bxc5 10. a3 a5 11. b3 b6 12. Bb2 Bb7 13. O-O Qe7 14. Qe2 d5
15. Ne5 Rad8 16. cxd5 Bxd5 17. Bc4 Bb7 18. Nd3 Bd6 19. f4 Be4 20. Nf2 Bd5 21.
a4 Bc5 22. Nd3 Bxc4 23. bxc4 Ne4 24. Rfd1 Rd7 25. Nxc5 Nxc5 26. Ba3 Rfd8 27.
Rxd7 Qxd7 28. Bxc5 bxc5 29. Qe1 Qd3 30. h3 h6 31. Qxa5 Qxe3+ 32. Kh1 Rd3 33.
Qe1 Qxf4 34. a5 Qxc4 35. a6 Rd8 36. a7 Qd5 37. Qa5 Ra8 38. Rb1 Kh7 39. Qc7 Qa2
40. Rb7 c4 41. Qb8 Qf2 42. Qxa8 Qe1+ 1/2-1/2

[Event "PRVA LIGA CS 2020"]
[Site "Bajina basta"]
[Date "2020.10.10"]
[Round "1.6"]
[White "Vratonjic, Slobo"]
[Black "Bozic, Milan"]
[Result "1/2-1/2"]
[WhiteElo "2341"]
[BlackElo "2270"]
[PlyCount "53"]
[EventDate "2020.10.10"]
[WhiteTeam "SLOGA - Kraljevo"]
[BlackTeam "VSK SVETI NIKOLAJ SRPSKI - Valjevo"]

1. e4 c6 2. d4 d6 3. Nc3 e5 4. Nf3 Qc7 5. a4 a5 6. h3 Be7 7. Bc4 Nf6 8. O-O O-O
9. Bg5 Nbd7 10. Re1 Re8 11. Be3 Nb6 12. Bb3 Nfd7 13. Ng5 Bxg5 14. Bxg5 Nf8 15.
Be3 Be6 16. d5 cxd5 17. Nb5 Qc6 18. Bxb6 Qxb6 19. Bxd5 Red8 20. Ra3 Bxd5 21.
Qxd5 Ne6 22. Rc3 Rd7 23. Qc4 Rad8 24. Rd1 Nf4 25. Qf1 d5 26. exd5 Nxd5 27. Rcd3
1/2-1/2

[Event "PRVA LIGA CS 2020"]
[Site "Bajina basta"]
[Date "2020.10.10"]
[Round "1.6"]
[White "Popovic, Nenad"]
[Black "Simonovic, Aleksandar"]
[Result "1/2-1/2"]
[WhiteElo "2249"]
[BlackElo "2375"]
[PlyCount "28"]
[EventDate "2020.10.10"]
[WhiteTeam "VSK SVETI NIKOLAJ SRPSKI - Valjevo"]
[BlackTeam "SLOGA - Kraljevo"]

1. c4 c5 2. Nf3 Nc6 3. d4 cxd4 4. Nxd4 g6 5. e4 Bg7 6. Be3 Nf6 7. f3 O-O 8. Qd2
d6 9. Nc3 Bd7 10. Be2 Nxd4 11. Bxd4 Bc6 12. O-O a5 13. Rfc1 Nd7 14. Be3 Nc5
1/2-1/2